logo

Bir Sreshtho Munshi Abdur Rouf Library
Jhenaidah Cadet College

ক্বারীউল-ক্বোরআান : (Record no. 6435)

MARC details
000 -LEADER
fixed length control field 00854nam a2200217 a 4500
001 - CONTROL NUMBER
JCCL Control Number 6435
003 - CONTROL NUMBER IDENTIFIER
JCCL marc code BD-JhCC
005 - DATE AND TIME OF LATEST TRANSACTION
control field 20180305121149.0
008 - FIXED-LENGTH DATA ELEMENTS--GENERAL INFORMATION
fixed length control field 180123s1965 bg |||| ||a| 000 0 ben d
035 ## - SYSTEM CONTROL NUMBER
system control number (BD-JhCC)6435
040 ## - CATALOGING SOURCE
Original cataloging agency BD-JhCC
Modifying agency BD-JhCC
041 ## - LANGUAGE CODE
Language code of Book ben
082 ## - DEWEY DECIMAL CLASSIFICATION NUMBER
Classification number 297
Author mark and Year ANS 1965
100 ## - MAIN ENTRY--PERSONAL NAME
Personal name আনছারী, ক্বারী মোহাম্মদ আবদুল জব্বার
245 ## - TITLE STATEMENT
Title ক্বারীউল-ক্বোরআান :
Remainder of title বিশুদ্ধ ক্বোরআন পড়ার সহজ উপায় /
Statement of responsibility, etc ক্বারী মোহাম্মদ আবদুল জব্বার আনছারী
260 ## - PUBLICATION, DISTRIBUTION, ETC. (IMPRINT)
Place of publication, distribution, etc ঢাকা :
Name of publisher, distributor, etc এমদাদিয়া লাইব্রেরী,
Date of publication, distribution, etc 1965
300 ## - PHYSICAL DESCRIPTION
Pagination 127 p. :
Dimensions 18 cm.
650 ## - SUBJECT ADDED ENTRY--TOPICAL TERM
Topical term or geographic name as entry element Islam
942 ## - ADDED ENTRY ELEMENTS (KOHA)
Source of classification or shelving scheme Dewey Decimal Classification
Koha item type Books
Holdings
Source of classification or shelving scheme Damaged status Not for loan Home library Current library Shelving location Date of accession Cost, normal purchase price Total Checkouts Full call number Barcode Date last seen Copy number Koha item type
Dewey Decimal Classification     JCC Rouf Library JCC Rouf Library General Stacks 01/23/2018 1.75   297 ANS 1965 603 01/23/2018 C-1 Books

JCC Library | Contacts | JCC Home

Last Update on 23 September 2017
Copyright @ 2017-2020 JCC Rouf Library
Rouf Library, Jhenidah Cadet College (JCC), Bangladesh